Welcome to CU Library Online Public Access Catalogue (OPAC)

The living end : (Record no. 1127)

MARC details
000 -LEADER
fixed length control field 00756cam a22002417a 4500
001 - CONTROL NUMBER
control field 15766921
005 - DATE AND TIME OF LATEST TRANSACTION
control field 20241113144528.0
008 - FIXED-LENGTH DATA ELEMENTS--GENERAL INFORMATION
fixed length control field 090608s2008 enka b 001 0 eng
020 ## - INTERNATIONAL STANDARD BOOK NUMBER
International Standard Book Number 9780230517578 (hbk.)
020 ## - INTERNATIONAL STANDARD BOOK NUMBER
International Standard Book Number 0230517579 (hbk.)
050 00 - LIBRARY OF CONGRESS CALL NUMBER
Classification number QH530
Item number .B76 2008
082 04 - DEWEY DECIMAL CLASSIFICATION NUMBER
Classification number 571.939
Edition information 22
100 1# - MAIN ENTRY--PERSONAL NAME
Personal name Brown, Guy C.
245 14 - TITLE STATEMENT
Title The living end :
Remainder of title the future of death, aging, and immortality /
Statement of responsibility, etc. Guy Brown.
260 ## - PUBLICATION, DISTRIBUTION, ETC.
Place of publication, distribution, etc. London ;
-- New York :
Name of publisher, distributor, etc. Macmillan,
Date of publication, distribution, etc. 2008.
300 ## - PHYSICAL DESCRIPTION
Extent vi, 278 p. :
Other physical details ill. ;
Dimensions 21 cm.
650 #0 - SUBJECT ADDED ENTRY--TOPICAL TERM
Topical term or geographic name entry element Death (Biology)
650 12 - SUBJECT ADDED ENTRY--TOPICAL TERM
Topical term or geographic name entry element Death.
650 22 - SUBJECT ADDED ENTRY--TOPICAL TERM
Topical term or geographic name entry element Aging
General subdivision physiology.
650 22 - SUBJECT ADDED ENTRY--TOPICAL TERM
Topical term or geographic name entry element Attitude to Death.
856 41 - ELECTRONIC LOCATION AND ACCESS
Materials specified Table of contents only
Uniform Resource Identifier <a href="http://www.loc.gov/catdir/toc/fy0903/2009417731.html">http://www.loc.gov/catdir/toc/fy0903/2009417731.html</a>
942 ## - ADDED ENTRY ELEMENTS (KOHA)
Source of classification or shelving scheme Library of Congress Classification
Koha item type Books
Suppress in OPAC No
999 ## -
-- 1127
-- 1127
Holdings
Withdrawn status Lost status Source of classification or shelving scheme Damaged status Not for loan Collection Home library Current library Shelving location Date acquired Total checkouts Full call number Barcode Date last seen Copy number Price effective from Koha item type
    Library of Congress Classification     Non-fiction Business Library (Miotso) Business Library (Miotso) General stacks 03/27/2026   PS3551 BRO BSSM00003949 04/30/2026 2 03/27/2026 Books
    Library of Congress Classification     Non-fiction Law Library (Miotso) Law Library (Miotso) General stacks 11/13/2024   PS3551 BRO LLM00000864 11/13/2024 1 11/13/2024 Books
© 2023-2024 Copyright: Central University Libraries. All Rights Reserved | Created by: Mahone Tech Office